000 02000 a2200325 4500
003 OSt
005 20180116192346.0
008 120531t xxu||||| |||| 00| 0 eng d
010 _a 2006036318
020 _a9781568986241 (pbk.)
020 _a1568986246 (pbk.)
040 _c0
082 0 0 _a363.68
100 _aCzerniak, Julia
_92766
245 0 0 _aLarge parks /
_c[edited by] Julia Czerniak and George Hargreaves ; contributors, John Beardsley ... [etc.].
260 _aNew York :
_bPrinceton Architectural Press ;
_aCambridge, Mass. :
_bin association with the Harvard University Graduate School of Design,
_c2007.
300 _a255 p. :
_bill. (some col.), maps (some col.) ;
_c23 cm.
505 _a James Corner-- Introduction: Speculating on Size-- Julia Czerniak-- Sustainable Large Parks: Ecological Design or Designer Ecology?-- Nina-Marie Lister-- Uncertain Parks: Disturbed Sites, Citizens, and Risk Society -- Elizabeth K. Meyer-- Matrix Landscape: Construction of Identity in the Large Park-- Linda Pollak-- Large Parks: A Designer's Perspective-- George Hargreaves-- Re-placing Process-- Anita Berrizbeitia -- Conflict and Erosion: The Contemporary Public Life of Large Parks-- John Beardsley-- Legibility and Resilience-- Julia Czerniak-- Contributors-- Index-- Image Credits--
650 0 _aParks.
_92767
650 0 _aUrban landscape architecture.
_92768
650 0 _aLandscape ecology.
_92769
700 1 _aCzerniak, Julia.
_92770
700 1 _aHargreaves, George,
_d1962-
_92771
710 2 _aHarvard University.
_bGraduate School of Design.
_92772
856 4 1 _3Table of contents only
_uhttp://www.loc.gov/catdir/toc/ecip074/2006036318.html
856 4 1 _3Publisher description
_uhttp://www.loc.gov/catdir/enhancements/fy0722/2006036318-d.html
856 4 1 _3Contributor biographical information
_uhttp://www.loc.gov/catdir/enhancements/fy0732/2006036318-b.html
942 _aSADA
_cBK
_k363.68 CZE 2007
_2ddc
999 _c352763
_d352763